• 首页
  • 本馆介绍
  • 公告通知
  • 最新文献
  • 馆藏检索
  • 电子资源
  • 读者导购
  • 参考咨询
  • 我的图书馆
  • 登录
  • 详细信息显示
  • 放入我的书架
  • 预约/预借图书
  • 作者相关作品
  • 分类相关作品
  • 丛书相关作品
  • 出版社相关作品

书目信息

  • 表格格式
  • 工作单格式
  • 卡片格式
题名:
地球概论
    
 
作者: 金祖孟 编著
分册:  
出版信息: 北京   高等教育出版社  1983
页数: 212页
开本: 26cm
丛书名:
单 册:
中图分类: P183
科图分类:
主题词: 地球
电子资源:
ISBN: 7-04-000531-X
000 00611nam0 2200229 45
001 0178005993
005 20070615142431.48
010    @a7-04-000531-X@dCNY10.00
100    @a19950726d1983 em y0chiy0121 ea
101 0  @achi
102    @aCN@b110000
105    @ay z 000yy
200 10 @a地球概论@Adi qiu gai lun@f金祖孟编著@FJin Zu Meng Bian Zhu
205    @a2版
210    @a北京@c高等教育出版社@d1983@h1996
215    @a212页@d26cm@e教具图1册
300    @a高等学校试用教材
606    @a地球
690    @aP183@v3
701  0 @a金祖孟@4编著
801  0 @aCN@bNLC@c20070615
905    @dP183@e12=2@f1@b158146
    
    地球概论/金祖孟编著.-2版.-北京:高等教育出版社,1983(1996)
    212页;26cm+教具图1册
    高等学校试用教材
    
    ISBN 7-04-000531-X:CNY10.00
    
●
相关链接 在E读中查询图书 在五车中查询图书 在当当中查询图书 在豆瓣中查询图书


正题名:地球概论     索取号:P183/12=2         预约/预借

序号 登录号 条形码 馆藏地/架位号 状态 备注
1 0519844   205198445   第二样本阅览室/ [索取号:P183/12=2] 在馆    
2 0519845   205198454   密集书库/ [索取号:P183/12=2] 在馆    
3 0519846   205198463   密集书库/ [索取号:P183/12=2] 在馆    
4 0519847   205198472   密集书库/ [索取号:P183/12=2] 在馆    
5 0519848   205198481   密集书库/ [索取号:P183/12=2] 在馆    
6 0519849   205198490   密集书库/ [索取号:P183/12=2] 在馆    
7 0652502   206525027   库房3/ [索取号:P183/12=2] 在馆    
8 0652503   206525036   库房3/ [索取号:P183/12=2] 在馆    
9 0652504   206525045   库房3/ [索取号:P183/12=2] 在馆    
10 0652505   206525054   库房3/ [索取号:P183/12=2] 在馆    
欢迎您!
大连网信软件有限公司© 版权所有